THE SAGES MANUAL FUNDAMENTALS OF LAPAROSCOPY THORACOSCOPY & GIENDOS (Record no. 14852)

MARC details
000 -LEADER
fixed length control field 00305nam a22001217a 4500
003 - CONTROL NUMBER IDENTIFIER
control field SGT
082 ## - DEWEY DECIMAL CLASSIFICATION NUMBER
Classification number 617.51
Item number S09S
100 ## - MAIN ENTRY--PERSONAL NAME
Personal name SCOTT-CONNER, CAROL
245 ## - TITLE STATEMENT
Title THE SAGES MANUAL FUNDAMENTALS OF LAPAROSCOPY THORACOSCOPY & GIENDOS
260 ## - PUBLICATION, DISTRIBUTION, ETC. (IMPRINT)
Place of publication, distribution, etc INDIA
Name of publisher, distributor, etc SPRINGER
Year of Publication 2009
300 ## - PAGE DESCRIPTION
No. of Pages 840
942 ## - ADDED ENTRY ELEMENTS (KOHA)
Source of classification or shelving scheme Dewey Decimal Classification
Koha item type Books
Holdings
Withdrawn status Lost status Source of classification or shelving scheme Damaged status Not for loan Collection code Home library Current library Shelving location Date acquired Vendor Name SGTU Total Checkouts Full call number Accession No. (Barcode) Date last seen Bill Date Koha item type
    Dewey Decimal Classification     MEDICAL SGT Medical Library SGT Medical Library Reference Book 30/01/2018 ABC SGTU   617.51 S09S FM9716 30/01/2018 30/01/2018 Books